Przyłącz państwo nieuznawane do losowej stolicy - Statystyki

Ogólne statystyki
  • Ten quiz został rozwiązany 90 razy
  • Średni wynik to 3 z 6
Statystyki odpowiedzi
Stolica Państwa nieuznawane % Poprawnych
Donieck Doniecka RL
100%
Prisztina Kosowo
100%
Tajpej Tajwan
100%
Nikozja Cypr Północny
75%
Ramallah Palestyna
75%
Ługańsk Ługańska RL
67%
Tyraspol Naddniestrze
60%
Titfariti | Al-Ujun Sahara Zachodnia
60%
Cchinwali Osetia Południowa
50%
Hargejsa Somaliland
43%
Suchumi Abchazja
33%
Stepanakert Górski Karabach
33%
Nie znaleziono quizów pasujących do podanych kryteriów
Rozkład punktacji
Procent ludzi z każdym wynikiem
Percentyl według liczby udzielonych odpowiedzi
Twoja historia wyników
Nie rozwiązałeś tego quizu